| 000 | 02384cam a2200445 a 4500 | ||
|---|---|---|---|
| 001 | 18323768 | ||
| 003 | OSt | ||
| 005 | 20260413130347.0 | ||
| 008 | 141002s2014 enk b 001 0 eng d | ||
| 010 | _a 2014453412 | ||
| 016 | 7 |
_a016689222 _2Uk |
|
| 020 |
_a9781780329178 _qhardback |
||
| 020 |
_a1780329172 _qhardback |
||
| 020 |
_a9781780329161 _qpaperback |
||
| 020 |
_a1780329164 _qpaperback |
||
| 035 | _a18323768 | ||
| 035 | _a(OCoLC)845231701 | ||
| 040 |
_aYDXCP _beng _cYDXCP _dBDX _dOCLCO _dUKMGB _dEYM _dCHVBK _dVP@ _dOCLCF _dZWZ _dDLC |
||
| 042 | _alccopycat | ||
| 043 |
_af------ _aa-cc--- |
||
| 050 | 0 | 0 |
_aHD8778.5.C5 _bC45 2014 |
| 082 | 0 | 4 |
_a331.63951096 _223 |
| 245 | 0 | 0 |
_aChinese migrants and Africa's development : _bnew imperialists or agents of change? / _cGiles Mohan ... [et al.]. |
| 260 |
_aLondon : _bZed Books, _c2014. |
||
| 300 |
_a185 p. ; _c23 cm. |
||
| 336 |
_atext _btxt _2rdacontent |
||
| 337 |
_aunmediated _bn _2rdamedia |
||
| 338 |
_avolume _bnc _2rdacarrier |
||
| 504 | _aIncludes bibliographical references (p. 165-178) and index. | ||
| 520 | _aChina's recent stepping up of relations with Africa is one of the most significant developments on the African continent for decades. For some it promises an end to Africa's dependent aid relationships as the Chinese bring expertise, technology, and a stronger business focus. But for others it is no more than a new form of imperialism. This book is the first to systematically study the motivations, relationships, and impact of this migration. It focuses not just on the Chinese migrants but also on the perceptions of, and linkages to, their African 'hosts'. By studying this everyday interaction we get a much richer picture of whether this is South-South cooperation, as the political leaders would have us believe, or a more complex relationship that can both compromise and encourage African development. | ||
| 650 | 0 |
_aForeign workers, Chinese _zAfrica. |
|
| 651 | 0 |
_aAfrica _xEconomic conditions. |
|
| 651 | 0 |
_aAfrica _xForeign economic relations _zChina. |
|
| 651 | 0 |
_aChina _xForeign economic relations _zAfrica. |
|
| 700 | 1 |
_aMohan, Giles, _d1966- |
|
| 906 |
_a7 _bcbc _ccopycat _d2 _encip _f20 _gy-gencatlg |
||
| 942 |
_2lcc _cBK _n0 |
||
| 999 |
_c23689 _d23688 |
||